Welcome to the Holygrace Academy Library

Please use search bar below to get started

MOIN AND THE MOSTER (Record no. 5644)

MARC details
000 -LEADER
fixed length control field 00332nam a22001457a 4500
020 ## - INTERNATIONAL STANDARD BOOK NUMBER
ISBN 978-93-81262-90-0
082 ## - DEWEY DECIMAL CLASSIFICATION NUMBER
Classification number 823
Item number ANU/M
100 ## - MAIN ENTRY--AUTHOR NAME
Personal name RAVISHANKAR, ANUSHKA
245 ## - TITLE STATEMENT
Title MOIN AND THE MOSTER
260 ## - PUBLICATION, DISTRIBUTION, ETC. (IMPRINT)
Place of publication CHENNAI
Name of publisher DUCKBILL BOOKS
Year of publication 2012
300 ## - PHYSICAL DESCRIPTION
Number of Pages 110
520 ## - SUMMARY, ETC.
Summary, etc ENGLISH STORY
650 ## - SUBJECT ADDED ENTRY--TOPICAL TERM
Topical Term ENGLISH STORY
942 ## - ADDED ENTRY ELEMENTS (KOHA)
Koha item type Books
Holdings
Withdrawn status Lost status Collection code Home library Current library Shelving location Date acquired Source of acquisition Cost, normal purchase price Full call number Accession Number Koha item type
    Fiction Main Library Main Library SHELF 15-I-CHILDREN'S STORYBOOKS 20/03/2015 Purchase 160.00 823 ANU/M 08473 Books